000 00666cam a22001814a 4500
005 20250605164401.0
008 250528s ||||||||||||||||||||||||d
035 _a24580
040 _aGR-AtMCL
_bgre
_dGR-AtMCL
_eAACR2
245 1 _aPushing the Boundaries / 3D Systems' Technology Leaders Share Their AM Insights for the Year Ahead
260 _bBpa Worldwide,
_c2022
300 _a30
520 _aState of the Industry: AM Trends and M&As, Software: Sustainability and Simulation and Smart Solutions, Creative: Applications in Architecture and Fashion and Jewerelly.
700 1 _aGriffins Laura
_99479
942 _cCR
999 _c9451
_d9451